00234nam a2200097Ia 4500008004100000100000900041245002400050260003800074942000700112999001700119190216s9999||||xx |||||||||||||| ||und|| aNull 0aMalayalam-Malayalam bSahithya Pravarthaka Co-Operative cBK c30292d30292